000 00328nam a2200133Ia 4500
008 240624s2017 xx und d
020 _a9788178799940
041 _aeng
082 _a531.796
_bKUS
100 _aKUSUM LATA
245 _aBIOMECHANICS AND KINESIOLOGY
260 _aNew Delhi
_bSPORTS PUB
_c2017
300 _a343P
999 _c1167051
_d1167051